[Event "ESP-ch U14 rapid"]
[Site "Salobrena"]
[Date "2023.07.23"]
[Round "7"]
[White "Garriga Cabrera, Joan"]
[Black "Rodriguez Canovas, Elena"]
[Result "1-0"]
[WhiteElo "1707"]
[BlackElo "1511"]
[PlyCount "57"]
[EventDate "2023.07.22"]
[EventType "swiss (rapid)"]
[EventRounds "9"]
[EventCountry "ESP"]
[SourceTitle "EXT 2024"]
[Source "ChessBase"]
[SourceDate "2023.10.10"]
[SourceVersion "1"]
[SourceVersionDate "2023.10.10"]
[SourceQuality "1"]

1. e4 c5 2. Nf3 a6 3. c4 e6 4. Nc3 Qc7 5. d4 cxd4 6. Nxd4 b6 7. a3 Bb7 8. Be3 Nf6 9. f3 Be7 10. Be2 0-0 11. 0-0 Bd6 12. g3 h5 13. Ndb5 axb5 14. Nxb5 Qc6 15. Qxd6 Qxd6 16. Nxd6 Bc6 17. Bxb6 Na6 18. b4 Rfb8 19. Be3 Nc7 20. b5 Bb7 21. Nxb7 Rxb7 22. e5 Nfe8 23. f4 Ra4 24. Rfb1 g6 25. Rb4 Rxb4 26. axb4 Ng7 27. b6 Nce8 28. Ra8 Kh7 29. Bf3 1-0

[Event "ESP-ch U14 rapid"]
[Site "Salobrena"]
[Date "2023.07.23"]
[Round "9"]
[White "Tabuenca Mendataurigoitia, Daniel"]
[Black "Garriga Cabrera, Joan"]
[Result "1-0"]
[WhiteElo "2168"]
[BlackElo "1707"]
[PlyCount "59"]
[EventDate "2023.07.22"]
[EventType "swiss (rapid)"]
[EventRounds "9"]
[EventCountry "ESP"]
[SourceTitle "EXT 2024"]
[Source "ChessBase"]
[SourceDate "2023.10.10"]
[SourceVersion "1"]
[SourceVersionDate "2023.10.10"]
[SourceQuality "1"]

1. e4 c5 2. Nf3 Nc6 3. Bb5 g6 4. Bxc6 dxc6 5. d3 Bg7 6. h3 e5 7. a4 a5 8. Be3 b6 9. Na3 Ne7 10. Nc4 Qc7 11. b4 axb4 12. a5 bxa5 13. Bxc5 Be6 14. Nd6+ Kd7 15. d4 exd4 16. Nxd4 Nd5 17. 0-0 Nc3 18. Qf3 Bxd4 19. Bxd4 Qxd6 20. Bxc3 bxc3 21. Rfd1 Qxd1+ 22. Rxd1+ Ke7 23. Qxc3 Rhc8 24. Qc5+ Ke8 25. f4 f6 26. f5 Bd7 27. Qd6 Rd8 28. Qxf6 a4 29. fxg6 hxg6 30. Rf1 1-0

[Event "ESP-ch U14"]
[Site "Salobrena"]
[Date "2023.07.19"]
[Round "4"]
[White "Garriga Cabrera, Joan"]
[Black "Rey Martinez, Jaime"]
[Result "0-1"]
[WhiteElo "1681"]
[BlackElo "2361"]
[PlyCount "92"]
[EventDate "2023.07.17"]
[EventType "swiss"]
[EventRounds "9"]
[EventCountry "ESP"]
[SourceTitle "EXT 2024"]
[Source "ChessBase"]
[SourceDate "2023.10.10"]
[SourceVersion "1"]
[SourceVersionDate "2023.10.10"]
[SourceQuality "1"]

1. e4 c5 2. Nf3 g6 3. c4 Bg7 4. d4 Qa5+ 5. Nc3 Nc6 6. Be3 Nf6 7. Qd3 Ng4 8. Be2 cxd4 9. Bxd4 Nxd4 10. Nxd4 Ne5 11. Qd2 0-0 12. 0-0 d6 13. Rac1 Be6 14. b3 Nc6 15. Nxc6 bxc6 16. Kh1 Qb4 17. Rc2 Rfd8 18. Rd1 Qc5 19. Bf3 Rac8 20. Rcc1 Rf8 21. Na4 Qe5 22. Qc3 Qf4 23. Qe3 Qf6 24. Qxa7 c5 25. Qa5 Qf4 26. Qe1 Be5 27. Qg1 f5 28. exf5 Rxf5 29. Nb6 Rcf8 30. Nd5 Bxd5 31. Bxd5+ Kh8 32. g3 Qxf2 33. Qxf2 Rxf2 34. a4 h5 35. Rg1 Ra2 36. Rgf1 Rb8 37. Rb1 h4 38. Rf3 hxg3 39. hxg3 Bf6 40. g4 Kg7 41. Rh3 Rxa4 42. Kg2 Ra2+ 43. Kf3 Rd2 44. Ke3 Bg5+ 45. Ke4 Rf8 46. Rd3 Re2+ 0-1